|
|
|
|
| LEADER |
00000cam a2200000 7i4500 |
| 001 |
0000004830 |
| 005 |
20110413.0 |
| 008 |
070731 |
| 020 |
|
|
|a 9833390137
|
| 090 |
0 |
0 |
|a 361.1
|b IRF
|
| 100 |
0 |
|
|a Irfan Hakimi b. Sahazwan
|
| 245 |
1 |
0 |
|a Budaya lepak & ancaman AIDS dan dadah
|c Irfan Hakimi b. Sahazwan
|
| 260 |
|
|
|a Selangor :
|b Edu Quest Publisher ,
|c 2006
|
| 440 |
|
|
|a Koleksi bacaan sosial
|
| 650 |
|
0 |
|a AIDS (Disease)
|x Juvenile literature
|
| 650 |
|
0 |
|a Drug abuse and crime
|x Juvenile literature
|
| 650 |
|
0 |
|a Social problems
|x Juvenile literature
|
| 999 |
|
|
|a 0000976727
|b Book
|c Adult Collection
|e Cawangan Segamat
|
| 999 |
|
|
|a 0000976728
|b Book
|c Adult Collection
|e Perbadanan Perpustakaan Awam Johor
|
| 999 |
|
|
|a 0000976729
|b Book
|c Adult Collection
|e Perbadanan Perpustakaan Awam Johor
|
| 999 |
|
|
|a 0000976730
|b Book
|c Adult Collection
|e Cawangan Tangkak
|
| 999 |
|
|
|a 0000976731
|b Book
|c Adult Collection
|e Cawangan Sri Merlong
|
| 999 |
|
|
|a 0001150395
|b Book
|c Adult Collection
|e Cawangan Pontian
|
| 999 |
|
|
|a 0001150397
|b Book
|c Adult Collection
|e Cawangan Kota Tinggi
|